Analýza vývoje korupčního trendu v zemích Visegrádu
Vývoj vnímania korupcie v krajinách Vyšehrádskej štvorky v období pred a po ich začlenení do Európskej únie. Analýza vývoja korupcie podľa indexu vnímania korupcie (CPI). Predikcia vývoja indexu CPI v krajinách V4.
Salvato in:
| Autore principale: | |
|---|---|
| Natura: | Capitolo di libro |
| Lingua: | ceco |
| Soggetti: | |
| Tags: |
Nessun Tag, puoi essere il primo ad aggiungerne!!
|
MARC
| LEADER | 00000nla a2200000 4500 | ||
|---|---|---|---|
| 001 | 0161230 | ||
| 005 | 20221103131448.9 | ||
| 041 | 0 | |a cze | |
| 044 | |a SK | ||
| 245 | 1 | 0 | |a Analýza vývoje korupčního trendu v zemích Visegrádu |c Veronika Linhartová |
| 520 | |a Vývoj vnímania korupcie v krajinách Vyšehrádskej štvorky v období pred a po ich začlenení do Európskej únie. Analýza vývoja korupcie podľa indexu vnímania korupcie (CPI). Predikcia vývoja indexu CPI v krajinách V4. | ||
| 610 | 2 | 0 | |a Vyšehradská štvorka |
| 610 | 2 | 0 | |a korupcia |
| 610 | 2 | 0 | |a zodpovednosť trestná |
| 610 | 2 | 0 | |a činnosť trestná |
| 610 | 2 | 0 | |a indexy |
| 610 | 2 | 0 | |a meranie |
| 610 | 2 | 0 | |a transparentnosť |
| 100 | 1 | |a Linhartová, Veronika | |